| 000 | 01142nam a22002057a 4500 | ||
|---|---|---|---|
| 999 |
_c61968 _d61968 |
||
| 003 | Ge_BSU | ||
| 005 | 20240617174106.0 | ||
| 008 | 240617s1997 ge ||||| |||| 00| 0 geo d | ||
| 041 | _ageo | ||
| 080 | _a614.2(479.223) +615.838(479.223) კ-71 | ||
| 100 |
_aკომახიძე, თეიმურაზ. _93432 |
||
| 245 |
_aქალაქ ბათუმის ჯანმრთელობის კერებისა და საკურორტო ქსელის განვითარების ისტორია : _b წ. 2 / _cთეიმურაზ კომახიძე; [რედ.: რამაზ სურმანიძე]. |
||
| 264 |
_aბათუმი : _bაჭარა, _c1997. |
||
| 300 |
_a236 გვ.; _b20 სმ. |
||
| 504 | _aბიბლიოგრაფია: გვ. 234. | ||
| 653 | _aჯანმრთელობის კერები ბათუმში | ||
| 653 | _aსაკურორტო ქსელი ბათუმში | ||
| 700 |
_aსურმანიძე, რამაზ _eრედაქტორი _922460 |
||
| 942 |
_2udc _cᲬᲘᲒᲜᲘ |
||